Tu escolhes (Registo nº 1552)

Detalhes MARC
000 -Etiqueta do registo
Cabeçalho 00728nam0a2200253 4500
005 - Identificador da versão
Campo de controlo 20240813121839.0
010 ## - Número internacional normalizado dos livros (ISBN)
Número (ISBN) 9789722118934
021 ## - Número do Depósito Legal
Código do país PT
Número 262518/07
100 ## - Dados gerais de processamento
Dados gerais de processamento 20151023d2007 d y1pory5003 ba
102 ## - Pais de publicação ou produção
País de publicação Portugal
101 0# - Língua de publicação
Língua do texto, banda sonora, etc. Português
215 ## - Descrição física 
Indicação específica da natureza do documento e extensão da espécie 80, [1] p
Outras indicações físicas il
200 1# - Titulo e menção de responsabilidade
Título próprio Tu escolhes
Primeira menção de responsabilidade Teresa Guedes
Outras menções de responsabilidade il. de Rita Oliveira Dias
225 2# - Colecção 
Título próprio da colecção Livros do dia e da noite
210 ## - Publicação, Distribuição, etc. 
Lugar da edição, distribuição, etc. Lisboa
Nome do editor, distribuidor, etc. Caminho
Data da publicação, distribuição, etc. cop. 2007
606 ## - Nome comum usado como assunto
Número de registo de entrada de autoridade 0002010
Palavra de ordem Literatura portuguesa
Subdivisão de assunto Conto
Código do sistema CA
675 ## - Classificação Decimal Universal (CDU)
Notação 821.134.3-34
Edição 3ª ed.
Língua da edição por
702 #1 - Nome de autor-pessoa física (responsabilidade secundária)
Número de registo de entrada de autoridade 0002639
Palavra de ordem Dias
Outra parte do nome não tomada para palavra de ordem Rita Oliveira
Código de função Ilustrador / Técnico de desenho computorizado
700 #1 - Nome de autor-pessoa física (responsabilidade principal)
Número de registo de entrada de autoridade 0002638
Palavra de ordem Guedes
Outra parte do nome não tomada para palavra de ordem Teresa
Datas 1957-
966 ## - Identificação da Biblioteca
Sigla EB2,3ENM
942 ## - Elementos de entrada adicionados (Koha)
Tipo de item no Koha Livro
Exemplares
Situação do levantamento Origin of item (home branch) (coded) Biblioteca de empréstimo Código de barras Cota Circulation type (not for loan) Tipo de documento Nota do exemplar Damaged status
  Biblioteca Escolar Eng. Nuno Mergulhão Biblioteca Escolar Eng. Nuno Mergulhão BENM3070 82LP-34 GUE   Livro Sem mensagem